[Event "Leon 36th"]
[Site "Leon"]
[Date "2023.07.08"]
[Round "1.3"]
[White "Gelfand, Boris"]
[Black "Vallejo Pons, Francisco"]
[Result "1/2-1/2"]
[WhiteElo "2668"]
[BlackElo "2706"]
[PlyCount "112"]
[EventDate "2023.07.07"]
[EventType "k.o. (rapid)"]
[EventRounds "2"]
[EventCountry "ESP"]
[SourceTitle "CBM 215 Extra"]
[Source "ChessBase"]
[SourceDate "2023.09.30"]
[SourceVersion "1"]
[SourceVersionDate "2023.09.30"]
[SourceQuality "1"]

1. d4 e6 2. c4 c5 3. Nf3 cxd4 4. Nxd4 Nf6 5. Nc3 a6 6. e4 Bb4 7. Qd3 d6 8. Nc2 Bxc3+ 9. Qxc3 0-0 10. Bd3 d5 11. exd5 exd5 12. 0-0 Nc6 13. Bg5 dxc4 14. Bxc4 Ne4 15. Bxd8 Nxc3 16. Bb6 Na4 17. Bc7 Nxb2 18. Bd5 Na4 19. Rfe1 Bd7 20. Ne3 Rac8 21. Bg3 b5 22. Rac1 Nb6 23. Bxc6 Rxc6 24. Rxc6 Bxc6 25. Nf5 Bd7 26. Ne7+ Kh8 27. Bc7 Nc4 28. Rd1 Be6 29. Nc6 h6 30. Nb4 a5 31. Nc6 a4 32. Nb4 Kh7 33. Rd8 Rxd8 34. Bxd8 Kg6 35. f3 Kf5 36. Bc7 Ne3 37. Bd6 Bc4 38. Kf2 Ke6 39. Bf8 Nd1+ 40. Ke1 Nc3 41. a3 g5 42. Bxh6 Nb1 43. Bxg5 Nxa3 44. Kd2 f6 45. Bf4 Bf1 46. g3 Nc4+ 47. Kc3 Bg2 48. Nc2 Kd5 49. Kb4 Bxf3 50. Ne3+ Kd4 51. Nxc4 bxc4 52. Kxa4 c3 53. Kb4 Kd3 54. h4 c2 55. Kb3 f5 56. Kb2 Bg4 1/2-1/2

[Event "ChessKid Cup Div 3 L"]
[Site "Chess.com INT"]
[Date "2023.05.24"]
[Round "4.3"]
[White "Donchenko, Alexander"]
[Black "Vallejo Pons, Francisco"]
[Result "1-0"]
[WhiteElo "2669"]
[BlackElo "2712"]
[PlyCount "121"]
[EventDate "2023.05.22"]
[EventType "k.o. (rapid)"]
[EventRounds "8"]
[EventCountry "USA"]
[SourceTitle "CBM 214 Extra"]
[Source "ChessBase"]
[SourceDate "2023.07.31"]
[SourceVersion "1"]
[SourceVersionDate "2023.07.31"]
[SourceQuality "1"]

1. c4 b6 2. d4 e6 3. e4 Bb4+ 4. Bd2 Bxd2+ 5. Nxd2 d6 6. Bd3 e5 7. Ne2 Ne7 8. 0-0 0-0 9. Re1 Ng6 10. Rc1 c5 11. d5 Nd7 12. Nf1 Nf4 13. Bc2 Nxe2+ 14. Qxe2 Nf6 15. h3 g6 16. Ng3 h5 17. Qe3 h4 18. Ne2 Nh5 19. f4 Qf6 20. f5 g5 21. Kh2 Qh6 22. Rg1 f6 23. Ba4 Nf4 24. a3 a5 25. Rc2 Qh7 26. Bc6 Ra7 27. Qb3 Ra6 28. Qb5 Qa7 29. Nc3 Kh8 30. Be8 Qe7 31. Bg6 a4 32. Nxa4 Qa7 33. Nc3 Bd7 34. Qb3 Ba4 35. Nxa4 Rxa4 36. g3 hxg3+ 37. Qxg3 Rg8 38. h4 Nxg6 39. fxg6 Rxg6 40. hxg5 Qh7+ 41. Qh3 Qxh3+ 42. Kxh3 Kg7 43. Kh4 fxg5+ 44. Rxg5 Kh6 45. Rh5+ Kg7 46. Rg5 Kh6 47. Rxg6+ Kxg6 48. Kg4 b5 49. cxb5 Rxe4+ 50. Kf3 Ra4 51. Rc3 Ra7 52. b6 Rb7 53. Rb3 Kf5 54. a4 e4+ 55. Ke3 Ke5 56. a5 Kxd5 57. a6 Rh7 58. a7 Rh3+ 59. Kd2 Rxb3 60. a8Q+ Kd4 61. Qa4+ 1-0

[Event "ChessKid Cup Div 3 W"]
[Site "Chess.com INT"]
[Date "2023.05.23"]
[Round "3.2"]
[White "Lazavik, Denis"]
[Black "Vallejo Pons, Francisco"]
[Result "1-0"]
[WhiteElo "2544"]
[BlackElo "2712"]
[PlyCount "95"]
[EventDate "2023.05.22"]
[EventType "k.o. (rapid)"]
[EventRounds "6"]
[EventCountry "USA"]
[SourceTitle "CBM 214 Extra"]
[Source "ChessBase"]
[SourceDate "2023.07.31"]
[SourceVersion "1"]
[SourceVersionDate "2023.07.31"]
[SourceQuality "1"]

1. d4 e6 2. c4 Bb4+ 3. Bd2 Bxd2+ 4. Qxd2 Nf6 5. Nf3 0-0 6. Nc3 d5 7. e3 b6 8. Rc1 Bb7 9. cxd5 Nxd5 10. Bd3 Nf6 11. 0-0 c5 12. dxc5 Nbd7 13. Rfd1 Nxc5 14. Be2 Qxd2 15. Nxd2 Rfd8 16. f3 Nd5 17. Nxd5 Bxd5 18. b4 Na4 19. Rc2 a6 20. Rdc1 b5 21. e4 Bb7 22. Nb3 Rd7 23. Rc7 Rad8 24. Na5 Rxc7 25. Rxc7 Ba8 26. Kf2 f5 27. Ke3 g5 28. g3 g4 29. Nc6 Re8 30. fxg4 fxe4 31. Bd1 Nc3 32. Bb3 Nd5+ 33. Bxd5 exd5 34. Nd4 Rb8 35. Nf5 Bb7 36. Kd4 Ba8 37. h4 Kh8 38. h5 Re8 39. Ke3 Rd8 40. g5 d4+ 41. Nxd4 Bd5 42. g6 hxg6 43. hxg6 Bxa2 44. Rh7+ Kg8 45. Nf5 Rd3+ 46. Kxe4 Bb1 47. Nh6+ Kf8 48. g7+ 1-0

[Event "ChessKid Cup Div 3 W"]
[Site "Chess.com INT"]
[Date "2023.05.22"]
[Round "2.2"]
[White "Vallejo Pons, Francisco"]
[Black "Kamsky, Gata"]
[Result "1-0"]
[WhiteElo "2712"]
[BlackElo "2665"]
[PlyCount "99"]
[EventDate "2023.05.22"]
[EventType "k.o. (rapid)"]
[EventRounds "6"]
[EventCountry "USA"]
[SourceTitle "CBM 214 Extra"]
[Source "ChessBase"]
[SourceDate "2023.07.31"]
[SourceVersion "1"]
[SourceVersionDate "2023.07.31"]
[SourceQuality "1"]

1. e4 e5 2. Nf3 Nc6 3. Nc3 Nf6 4. h3 Bb4 5. a3 Bxc3 6. dxc3 0-0 7. Bg5 h6 8. Bh4 Qe7 9. Qe2 g5 10. Bg3 d6 11. Nd2 Kg7 12. h4 Be6 13. 0-0-0 Rh8 14. f3 Nh5 15. Bf2 Qf6 16. g3 Qg6 17. Qe3 g4 18. c4 Kh7 19. f4 exf4 20. gxf4 f5 21. c5 Rhf8 22. cxd6 cxd6 23. Nc4 fxe4 24. Nxd6 Rxf4 25. Bg2 g3 26. Bxe4 Rxe4 27. Nxe4 gxf2 28. Nxf2 Bf5 29. Rhg1 Qf6 30. Ng4 Qe6 31. Qxe6 Bxe6 32. Rd6 Bxg4 33. Rxg4 Re8 34. Rgg6 Nf4 35. Rxh6+ Kg7 36. Rxc6 bxc6 37. Rxc6 Re7 38. b4 Nd5 39. Kb2 Kf7 40. h5 Re5 41. h6 Rh5 42. Ra6 Nb6 43. Rxa7+ Kg8 44. h7+ Rxh7 45. Rxh7 Kxh7 46. Kb3 Kg7 47. a4 Kf7 48. a5 Nc8 49. b5 Ke6 50. b6 1-0

[Event "ChessKid Cup Div 3 W"]
[Site "Chess.com INT"]
[Date "2023.05.22"]
[Round "1.1"]
[White "Vallejo Pons, Francisco"]
[Black "Raja, Harshit"]
[Result "1-0"]
[WhiteElo "2712"]
[BlackElo "2515"]
[PlyCount "57"]
[EventDate "2023.05.22"]
[EventType "k.o. (rapid)"]
[EventRounds "6"]
[EventCountry "USA"]
[SourceTitle "CBM 214 Extra"]
[Source "ChessBase"]
[SourceDate "2023.07.31"]
[SourceVersion "1"]
[SourceVersionDate "2023.07.31"]
[SourceQuality "1"]

1. Nf3 Nf6 2. g3 d5 3. Bg2 g6 4. c4 c6 5. b3 Bg7 6. Bb2 0-0 7. 0-0 Bg4 8. d3 Nbd7 9. Nbd2 Re8 10. h3 Bxf3 11. Bxf3 e6 12. Bg2 a5 13. a3 Qb6 14. e3 Nh5 15. d4 Rad8 16. Qc2 c5 17. cxd5 exd5 18. Bxd5 cxd4 19. exd4 Bxd4 20. Nc4 Qc5 21. Bxd4 Qxd4 22. Rad1 Qc5 23. b4 axb4 24. axb4 Qxb4 25. Bxf7+ Kxf7 26. Nd6+ Kf8 27. Nxe8 Kxe8 28. Rfe1+ Kf7 29. Qc7 1-0

[Event "ChessKid Cup Play In"]
[Site "Chess.com INT"]
[Date "2023.05.01"]
[Round "9"]
[White "Movahed, Sina"]
[Black "Vallejo Pons, Francisco"]
[Result "0-1"]
[WhiteElo "2340"]
[BlackElo "2712"]
[PlyCount "84"]
[EventDate "2023.05.01"]
[EventType "swiss (blitz)"]
[EventRounds "9"]
[EventCountry "USA"]
[SourceTitle "CBM 214 Extra"]
[Source "ChessBase"]
[SourceDate "2023.07.31"]
[SourceVersion "1"]
[SourceVersionDate "2023.07.31"]
[SourceQuality "1"]

1. e4 c5 2. Nf3 e6 3. d4 cxd4 4. Nxd4 a6 5. Nc3 b5 6. Bd3 Bb7 7. 0-0 Nc6 8. Nxc6 Bxc6 9. Re1 Qb8 10. Qg4 h5 11. Qe2 Ne7 12. a3 Ng6 13. e5 Be7 14. f4 Nh4 15. Be4 Nf5 16. Bxc6 Qb6+ 17. Be3 Qxc6 18. Bf2 Rc8 19. Red1 Rh6 20. Rac1 Rg6 21. Ne4 d5 22. Ng3 Nxg3 23. hxg3 Rg4 24. Kh2 Qc4 25. Rd3 Qe4 26. Re3 Qg6 27. a4 Kf8 28. axb5 axb5 29. Qxb5 h4 30. c4 d4 31. Rf3 d3 32. b4 hxg3+ 33. Bxg3 d2 34. Rcf1 Rd8 35. Qa4 Qh5+ 36. Kg1 Rxg3 37. Rxg3 d1Q 38. Rxd1 Rxd1+ 39. Kf2 Bh4 40. Qb3 Qg4 41. c5 Bxg3+ 42. Qxg3 Rd2+ 0-1